Statistiques concernant Formes des pays sur la carte du monde n°4 - 45 secondes sprint

Cliquez ici pour prendre le quiz!

Statistiques générales

  • Ce quiz a été pris 243 fois
  • Le résultat moyen est 15 sur 20

Réponses sur la Carte

Les réponses sont colorées sur une échelle allant du rouge au vert en fonction du pourcentage des utilisateurs qui les ont devinées à leur premier essai. Vous pouvez retrouver ces pourcentages ci-dessous.
 

Statistiques - réponses

pays% Correct
Etats-Unis
100%
France
98%
Argentine
97%
Pérou
95%
Maroc
94%
Égypte
93%
Ukraine
86%
Niger
75%
Tchèque
72%
Kenya
67%
Malaisie
67%
Irak
65%
Corée du Sud
63%
Philippines
62%
Zimbabwe
62%
Guinée
59%
Gabon
58%
Serbie
55%
Turkménistan
47%
Bhoutan
42%

Distribution des résultats

Percentile par nombre de réponses

% des personnes avec chaque résultat

Votre développement - résultats

Vous n’avez pas pris ce quiz